000 00337nam a22001457a 4500
003 MACL
005 20170810125638.0
008 170810b xxu||||| |||| 00| 0 eng d
040 _cMACL
100 _aPal,D.C.
_968613
245 _aTribal Medicine
260 _aKolkata
_bNaya Udyog
_c2015
650 _aMedicine
_917422
942 _2ddc
_cBK
999 _c56833
_d56833